|
|
|
|
| LEADER |
00000nam a2200000 i 4500 |
| 001 |
in00000000714 |
| 005 |
20251126075704.5 |
| 002 |
526624/П37-736711 |
| 008 |
080201s2007 unr l000 0yukr d |
| 020 |
|
|
|a 966803401050105
|c 28.30 грн
|
| 035 |
|
|
|a ( UA-KiNSAL)526624/П37-736711
|
| 040 |
|
|
|a UA-KiNSAL
|b ukr
|c UA-KiNSAL
|
| 080 |
|
|
|a 631.153.3/.7:631.164.2
|
| 090 |
|
|
|a 631.153.3/.7:631.164.2
|b П37
|
| 245 |
0 |
0 |
|a Планування витрат на сортовипробування /
|c Держ. служба з охорони прав на сорти рослин, ННЦ "Інститут аграрної економіки" УААН, Укр. ін.-т експертизи сортів рослин; за ред. П. Т. Саблука [та ін].
|
| 260 |
|
|
|a К. :
|b Алефа,
|c 2007
|
| 300 |
|
|
|a 304с.
|
| 530 |
|
|
|a Original record
|u https://kubg.libs.net.ua/kubg_recs/0000020022.txt
|
| 650 |
0 |
4 |
|a Сортовипробування
|x Загальні питання
|
| 700 |
1 |
|
|a Саблук, П.Т.
|q Петро Трохимович
|e ред.
|
| 700 |
1 |
|
|a Волкодав, В.В.
|
| 700 |
1 |
|
|a Кісіль, М.І.
|
| 700 |
1 |
|
|a Захарчук, О.В.
|
| 710 |
2 |
1 |
|a Держ. служба з охорони прав на сорти рослин21
|a ННЦ "Інститут аграрної економіки" УААН21
|a Укр. ін.-т експертизи сортів рослин
|
| 942 |
|
|
|2 UDC
|c BK
|
| 952 |
|
|
|b книга
|z 20080201
|i 526624
|j 526624/П37-736711
|o 631.153.3/.7:631.164.2 П37
|a 67
|g 28.30
|c 1
|
| 952 |
|
|
|b книга
|z 20091014
|i 530301
|p Kn0000973
|j 526624/П37-736711
|o 631.153.3/.7:631.164.2 П37
|g 28.30
|c 2
|
| 920 |
|
|
|a PAZK
|
| 961 |
|
|
|a 691
|
| 991 |
0 |
0 |
|a 526624/П37-736711
|
| 997 |
|
|
|a 0000020022
|
| 998 |
|
|
|a 20022
|
| 999 |
f |
f |
|i e8d26e15-f707-4d84-a82e-165349be7e5e
|s f84ac93c-4b54-432e-9db8-0e046d55c6ec
|t 0
|